书目信息 |
| 题名: |
论反对和平演变
|
|
| 作者: | 李长喜 主编 | |
| 分册: | ||
| 出版信息: | 沈阳 辽宁大学出版社 1991 |
|
| 页数: | 280页 | |
| 开本: | 20cm | |
| 丛书名: | ||
| 单 册: | ||
| 中图分类: | D518 | |
| 科图分类: | ||
| 主题词: | 和平演变--研究 | |
| 电子资源: | ||
| ISBN: | 7-5610-1374-4 | |
| 000 | 00555nam0 2200193 450 | |
| 001 | 0729756525 | |
| 005 | 20070713081356.23 | |
| 010 | @a7-5610-1374-4@dCNY4.00 | |
| 100 | @a20070708d1991 km y0chiy0120 ea | |
| 101 | 0 | @achi |
| 102 | @aCN@b210000 | |
| 200 | 1 | @a论反对和平演变@Alun fan dui he ping yan bian@f李长喜等主编@Fli chang xi deng zhu bian |
| 210 | @a沈阳@c辽宁大学出版社@d1991 | |
| 215 | @a280页@d20cm | |
| 606 | 0 | @a和平演变@x研究 |
| 690 | @aD518@v3 | |
| 701 | 0 | @a李长喜@Ali chang xi@4主编 |
| 801 | 0 | @aCN@bPFT@c20070713 |
| 905 | @a10447@dD518@e163 | |
| 论反对和平演变/李长喜等主编.-沈阳:辽宁大学出版社,1991 |
| 280页;20cm |
| ISBN 7-5610-1374-4:CNY4.00 |
| ● |
| 相关链接 |
|
|
|
|
正题名:论反对和平演变
索取号:D518/163
 
预约/预借
| 序号 | 登录号 | 条形码 | 馆藏地/架位号 | 状态 | 备注 |
| 1 | 0765829 | 207658293 | 第一样本阅览室/ [索取号:D518/163] | 在馆 | |
| 2 | 0769881 | 207698810 | 密集书库/ [索取号:D518/163] | 在馆 |